U.S. Panhandles - Statistics

General Stats
  • This quiz has been taken 27,265 times
    27,220 since last reset
  • The average score is 6 of 9
Answer Stats
City State % Correct
Tallahassee Florida
96%
Juneau Alaska
91%
Amarillo Texas
90%
Guymon Oklahoma
77%
Coeur d'Alene Idaho
65%
Martinsburg + Wheeling West Virginia
58%
Hagerstown Maryland
54%
Stamford Connecticut
53%
Scottsbluff Nebraska
37%
No matching quizzes found
Score Distribution
Percent of People with Each Score
Percentile by Number Answered
Your Score History
You have not taken this quiz since the last reset